| 000 | 00689nam a2200121Ia 4500 | ||
|---|---|---|---|
| 008 | 220615s9999||||xx |||||||||||||| ||und|| | ||
| 245 | 0 |
_aAdvances in Phytochemistry, Textile and Renewable Energy Research for Industrial Growth _bProceedings of the International Conference of Phytochemistry, Textile and Renewable Energy for Sustainable development (ICPTRE 2020), August 12-14, Eldoret, Kenya |
|
| 546 | _aEnglish[eng] | ||
| 650 | _aBiochemistry||Botany and plant sciences||Organic chemistry | ||
| 700 | _aNzila, Charles||Oluoch, Nyamwala||Kiprop, Ambrose||Ramkat, Rose||Kosgey, Isaac S. | ||
| 856 | _uhttps://library.oapen.org/bitstream/20.500.12657/53420/1/9781000521061.pdf | ||
| 942 | _cEB | ||
| 999 |
_c14139 _d14139 |
||